Online Catalogue and eLibrary

Exploring Social Psychology (Record no. 1079)

MARC details
000 -LEADER
fixed length control field 00438nam a2200181Ia 4500
005 - DATE AND TIME OF LATEST TRANSACTION
control field 20250320060452.0
008 - FIXED-LENGTH DATA ELEMENTS--GENERAL INFORMATION
fixed length control field 240331s9999 xx 000 0 und d
020 ## - INTERNATIONAL STANDARD BOOK NUMBER
ISBN 0070442967
082 ## - DDC Classification
Class No. 302
Item Number - Author Mark MYE
DDC Edition Number 3699
100 ## - MAIN ENTRY--PERSONAL NAME
Personal name Myers, D. G.
245 #0 - TITLE STATEMENT
Title Exploring Social Psychology
260 ## - PUBLICATION, DISTRIBUTION, ETC.
Place of publication, distribution, etc. New York,
Name of publisher, distributor, etc. MGraw-Hill inc.
Date of publication, distribution, etc. 1994
300 ## - PHYSICAL DESCRIPTION
Extent (e.g. Volumes, Pages etc.) xiv, 428 p.,
650 ## - SUBJECT ADDED ENTRY--TOPICAL TERM
Topical term or geographic name entry element Psychology
650 ## - SUBJECT ADDED ENTRY--TOPICAL TERM
Topical term or geographic name entry element Diversity
650 ## - SUBJECT ADDED ENTRY--TOPICAL TERM
Topical term or geographic name entry element Social
942 ## - Koha item type (Biblio)
Koha item type Books in Stacks (Lending)
Holdings
Lost status Damaged status Collection code Home library Current library Shelving location Date acquired Full call number Accession Number Item type
    Lending WERC Library WERC Library Social Science Cupboard 03/31/2024 302 MYE 3699 Books in Stacks (Lending)

© WERC Library